[Event "IRI-ch U16"]
[Site "Chess.com INT"]
[Date "2021.01.16"]
[Round "11"]
[White "Arian, Matin"]
[Black "Abbasi Abloei, Abolfazl"]
[Result "1/2-1/2"]
[WhiteElo "1523"]
[BlackElo "1452"]
[PlyCount "72"]
[EventDate "2021.01.16"]
[EventType "swiss"]
[EventRounds "11"]
[EventCountry "IRI"]
[SourceTitle "EXT 2022"]
[Source "ChessBase"]
[SourceDate "2021.10.06"]
[SourceVersion "1"]
[SourceVersionDate "2021.10.06"]
[SourceQuality "1"]

1. e4 d6 2. d4 Nf6 3. Nc3 g6 4. Nf3 Bg7 5. Bc4 0-0 6. 0-0 Nbd7 7. Be3 e5 8. dxe5 Nxe5 9. Nxe5 dxe5 10. Qe2 Qe7 11. f3 Be6 12. Rfd1 b6 13. Bd5 Nxd5 14. Nxd5 Bxd5 15. Rxd5 Rfd8 16. Rad1 c6 17. R5d2 Bf6 18. Qc4 c5 19. Rd5 Rxd5 20. Rxd5 Rd8 21. Rxd8+ Qxd8 22. Qd5 Kf8 23. c4 Bg5 24. Qxd8+ Bxd8 25. Kf2 Ke7 26. Ke2 Kd6 27. Kd3 a6 28. a4 Kc6 29. g3 b5 30. b3 bxa4 31. bxa4 Ba5 32. f4 f6 33. f5 g5 34. g4 h6 35. Bf2 Bb4 36. Kc2 a5 1/2-1/2